000 01527nam a2200229Ia 4500
003 Ost
005 20260507075114.0
008 260507s9999||||xx |||||||||||||| ||und||
020 _a9961623681
040 _cfsecg
041 _aara
100 _aدويدار، محمد
_eمؤلف
245 0 _aمبادئ الاقتصاد السياسي :
_bالاقتصاد المالي /
_c محمد دويدار
260 _aالجزائر:
_bالمؤسسة الوطنية للفنون المطبعية,
_c2014
300 _a695 صفحة؛
_bإيضاحات ؛
_c24 سم
504 _aمراجع ص.685(اقتناءات 2014 01ن)
520 _aأدوات السياسة المالية:النظرية العامة للمالية العامة، نظرية الانفاق العام،نظرية الايراد العام:نظرة شاملة، نظرية الايراد العام نظرية الضريبة، نظرية الايراد العام:النظام الضريبي، نظرية الايراد العام نظرية القرض العام، الموازنة العامة للدولة، السياسة المالية، مكان تيارات المالية العامة من تيارات الدخل القومي، السياسات المالية في الاقتصاد الرأسمالي المتقدم، السياسة المالية والاقتصاد المتخلف
653 _aالإقتصاد الرأسمالي
653 _aالإقتصاد السياسي
653 _aالسياسة المالية
942 _cكتاب
999 _c42991
_d42991